AUTOMATIC CONTROL SYSTEM (Record no. 6588)

MARC details
000 -LEADER
fixed length control field 00481nam a2200241Ia 4500
001 - CONTROL NUMBER
control field 072998
003 - CONTROL NUMBER IDENTIFIER
control field YMCAF
005 - DATE AND TIME OF LATEST TRANSACTION
control field 20230512160822.0
008 - FIXED-LENGTH DATA ELEMENTS--GENERAL INFORMATION
fixed length control field 100717s9999 ||||||||||||||||| ||und|d
020 ## - INTERNATIONAL STANDARD BOOK NUMBER
International Standard Book Number -
024 ## - OTHER STANDARD IDENTIFIER
Standard number or code 72998
035 ## - SYSTEM CONTROL NUMBER
System control number 12461
040 ## - CATALOGING SOURCE
Original cataloging agency YMCAF
Language of cataloging eng
Transcribing agency IN-KoLT
041 ## - LANGUAGE CODE
Language code of text/sound track or separate title eng
082 ## - DEWEY DECIMAL CLASSIFICATION NUMBER
Classification number 629.8
Item number KUO
100 ## - MAIN ENTRY--PERSONAL NAME
Personal name KUO, B C
245 #0 - TITLE STATEMENT
Title AUTOMATIC CONTROL SYSTEM
250 ## - EDITION STATEMENT
Edition statement -
260 ## - PUBLICATION, DISTRIBUTION, ETC.
Name of publisher, distributor, etc. TMH
653 ## - INDEX TERM--UNCONTROLLED
Uncontrolled term -
653 ## - INDEX TERM--UNCONTROLLED
Uncontrolled term -
942 ## - ADDED ENTRY ELEMENTS (KOHA)
Source of classification or shelving scheme Dewey Decimal Classification
Koha item type Books
Holdings
Withdrawn status Lost status Damaged status Not for loan Home library Current library Date acquired Cost, normal purchase price Total Checkouts Barcode Date last seen Cost, replacement price Price effective from Koha item type Public note G Date last checked out
        JC Bose University of Science & Technology JC Bose University of Science & Technology 17/07/2010 325.00   WB1230 12/05/2023 325.00 12/05/2023 Books C 601305  
        JC Bose University of Science & Technology JC Bose University of Science & Technology 17/07/2010 225.00   12461 12/05/2023 225.00 12/05/2023 Books C 1804  
  Lost     JC Bose University of Science & Technology JC Bose University of Science & Technology 17/07/2010 225.00   12462 12/05/2023 225.00 12/05/2023 Books C 1804  
        JC Bose University of Science & Technology JC Bose University of Science & Technology 17/07/2010 225.00 1 12463 11/08/2023 225.00 12/05/2023 Books C 1804 21/07/2023
Withdrawn       JC Bose University of Science & Technology JC Bose University of Science & Technology 17/07/2010 225.00   12464 12/05/2023 225.00 12/05/2023 Books C 1804  
        JC Bose University of Science & Technology JC Bose University of Science & Technology 17/07/2010 225.00   12465 12/05/2023 225.00 12/05/2023 Books C 1804  
  Lost     JC Bose University of Science & Technology JC Bose University of Science & Technology 17/07/2010 225.00   13398 12/05/2023 225.00 12/05/2023 Books C 4722  
        JC Bose University of Science & Technology JC Bose University of Science & Technology 17/07/2010 225.00   13399 12/05/2023 225.00 12/05/2023 Books C 4722  
  Lost     JC Bose University of Science & Technology JC Bose University of Science & Technology 17/07/2010 225.00   13400 12/05/2023 225.00 12/05/2023 Books C 4722  
        JC Bose University of Science & Technology JC Bose University of Science & Technology 17/07/2010 225.00   13401 12/05/2023 225.00 12/05/2023 Books C 4722  
Withdrawn       JC Bose University of Science & Technology JC Bose University of Science & Technology 17/07/2010 225.00   13402 12/05/2023 225.00 12/05/2023 Books C 4722  
  Lost     JC Bose University of Science & Technology JC Bose University of Science & Technology 17/07/2010 225.00   13891 12/05/2023 225.00 12/05/2023 Books C 7535  
        JC Bose University of Science & Technology JC Bose University of Science & Technology 17/07/2010 225.00   13892 12/05/2023 225.00 12/05/2023 Books C 7535  
        JC Bose University of Science & Technology JC Bose University of Science & Technology 17/07/2010 225.00   13893 12/05/2023 225.00 12/05/2023 Books C 7535